[Event "4th GRENKE Open 2019"]
[Site "Karlsruhe"]
[Date "2019.04.21"]
[Round "7.40"]
[White "Coenen, Michael"]
[Black "Repka, Christopher"]
[Result "0-1"]
[WhiteElo "2357"]
[BlackElo "2482"]
[Annotator "ChessBase"]
[PlyCount "110"]
[EventDate "2019.04.18"]
[EventType "swiss"]
[EventCountry "GER"]
[SourceTitle "playchess.com"]
[Source "ChessBase"]
[SourceQuality "1"]

1. d4 Nf6 2. Nf3 d5 3. c4 e6 4. g3 Be7 5. Bg2 O-O 6. O-O dxc4 7. Ne5 c5 8. dxc5 Qc7 9. Nxc4 Rd8 10. Qc2 Nc6 11. Nc3 Nd4 12. Qb1 Qxc5 13. Nd2 Nd5 14. Nde4 Nxc3 15. Nxc3 Qh5 16. Be3 e5 17. Re1 Bf5 18. Be4 Be6 19. Bg2 Rac8 20. Qe4 Bb4 21. Kh1 Bxc3 22. bxc3 Bd5 23. Qb1 Nxe2 24. Bxd5 Rxd5 25. Qe4 Nxc3 26. Rac1 Rdc5 27. Qxb7 R5c6 28. Kg2 e4 29. Rc2 Qf3+ 30. Kg1 h5 31. Bd4 R6c7 32. Qa6 h4 33. Qf1 Qg4 34. h3 Qd7 35. Rd2 Qe6 36. gxh4 Nd5 37. Qg2 f5 38. Qg5 Nb4 39. Ba1 Qf7 40. Rd8+ Rxd8 41. Qxd8+ Kh7 42. Rb1 Nd3 43. Qg5 Rc6 44. Kf1 f4 45. Bd4 e3 46. Qb5 Qg6 47. Qg5 Qf7 48. Qb5 Qg6 49. Qg5 Nxf2 50. Qxg6+ Rxg6 51. Rb7 Nxh3 52. Rxa7 Rg1+ 53. Ke2 Rg2+ 54. Kf1 f3 55. Bxe3 Rh2 0-1

[Event "4th GRENKE Open 2019"]
[Site "Karlsruhe"]
[Date "2019.04.21"]
[Round "7.41"]
[White "Milov, Leonid"]
[Black "Chernov, Vadim"]
[Result "1-0"]
[WhiteElo "2474"]
[BlackElo "2345"]
[Annotator "ChessBase"]
[PlyCount "83"]
[EventDate "2019.04.18"]
[EventType "swiss"]
[EventCountry "GER"]
[SourceTitle "playchess.com"]
[Source "ChessBase"]
[SourceQuality "1"]

1. f4 d5 2. Nf3 Bg4 3. e3 Nd7 4. Be2 Ngf6 5. O-O Bxf3 6. Bxf3 e5 7. d4 e4 8. Be2 Bd6 9. b3 Qe7 10. a4 O-O 11. Ba3 Ne8 12. c4 Bxa3 13. Nxa3 dxc4 14. Nxc4 Nd6 15. Rb1 Nf6 16. b4 Nd5 17. Qb3 Rad8 18. b5 Nf5 19. Bg4 Nd6 20. Ne5 Nf6 21. Bh3 Nde8 22. a5 Qd6 23. Rfc1 Qd5 24. Qa4 Qd6 25. a6 b6 26. Qb3 Ra8 27. g3 c5 28. dxc5 bxc5 29. Qc3 Nd5 30. Qxc5 Qxc5 31. Rxc5 Nef6 32. Kf2 h5 33. Rd1 Nb6 34. Rd4 Rfd8 35. Rc7 Rxd4 36. exd4 Nfd5 37. Rxf7 e3+ 38. Kf3 e2 39. Kxe2 Nc3+ 40. Kd3 Nxb5 41. Be6 Kh7 42. Rf5 1-0

[Event "4th GRENKE Open 2019"]
[Site "Karlsruhe"]
[Date "2019.04.21"]
[Round "7.42"]
[White "Vuilleumier, Alexandre"]
[Black "Warmerdam, Max"]
[Result "0-1"]
[WhiteElo "2354"]
[BlackElo "2472"]
[Annotator "ChessBase"]
[PlyCount "102"]
[EventDate "2019.04.18"]
[EventType "swiss"]
[EventCountry "GER"]
[SourceTitle "playchess.com"]
[Source "ChessBase"]
[SourceQuality "1"]

1. Nf3 d5 2. d4 e6 3. Bf4 Nf6 4. e3 c5 5. c3 Nc6 6. Bb5 Bd7 7. O-O Be7 8. Bxc6 Bxc6 9. Ne5 Bb5 10. Re1 O-O 11. Nd2 Rc8 12. a4 Be8 13. a5 Nd7 14. Qg4 Nxe5 15. dxe5 Kh8 16. Nf3 Bb5 17. Bg5 Bd3 18. Bxe7 Qxe7 19. Nd2 Rc7 20. e4 Rd8 21. exd5 Rxd5 22. Nc4 Bxc4 23. Qxc4 Qd8 24. g3 a6 25. Re2 Rcd7 26. Kg2 h6 27. h4 Kg8 28. Ra2 Rd1 29. b3 Rb1 30. Qxc5 Rxb3 31. Qc4 Rb5 32. Rab2 Rxa5 33. Qe4 Qc7 34. Rb4 Rc5 35. Reb2 b5 36. Ra2 Qc8 37. Rd4 Rxd4 38. Qxd4 Qb7+ 39. Kh2 Rd5 40. Qe4 Qc6 41. Ra3 Qc5 42. Ra2 Rxe5 43. Qa8+ Kh7 44. Qxa6 Qxc3 45. Qb7 Qc4 46. Ra7 Rf5 47. Qb6 Qe2 48. Kg2 Qf3+ 49. Kg1 Rd5 50. Ra1 Qc3 51. Rb1 Qc5 0-1

[Event "4th GRENKE Open 2019"]
[Site "Karlsruhe"]
[Date "2019.04.21"]
[Round "7.43"]
[White "Henderson de La Fuente, Lance"]
[Black "Franklin, Samuel G A"]
[Result "1/2-1/2"]
[WhiteElo "2471"]
[BlackElo "2344"]
[Annotator "RC"]
[PlyCount "71"]
[EventDate "2019.04.18"]
[EventType "swiss"]
[EventCountry "GER"]
[SourceTitle "playchess.com"]
[Source "ChessBase"]
[SourceQuality "1"]

1. e4 e5 2. Nf3 Nc6 3. Bb5 a6 4. Ba4 Nf6 5. O-O Be7 6. d3 b5 7. Bb3 d6 8. a3 Na5 9. Ba2 c5 10. Bg5 Be6 11. Bxf6 Bxf6 12. Bxe6 fxe6 13. b4 Nc6 14. c3 O-O 15. Qb3 Qd7 16. Nbd2 Rfb8 17. Rfd1 a5 18. g3 h6 19. Kg2 Bd8 20. bxc5 a4 21. Qc2 dxc5 22. Rab1 Bf6 23. Rb2 b4 24. Nc4 Qc7 25. h4 b3 26. Qe2 Na5 27. Nfd2 Rf8 28. Rc1 Rad8 29. Nxa5 Qxa5 30. Nc4 Qc7 31. Rd1 Qc6 32. Qg4 Kh7 33. Kf1 g6 34. Ke1 Bg7 35. h5 g5 36. Rdd2 1/2-1/2

[Event "4th GRENKE Open 2019"]
[Site "Karlsruhe"]
[Date "2019.04.21"]
[Round "7.44"]
[White "Parkhov, Yair"]
[Black "Dourerassou, Jonathan"]
[Result "1/2-1/2"]
[WhiteElo "2352"]
[BlackElo "2465"]
[Annotator "ChessBase"]
[PlyCount "112"]
[EventDate "2019.04.18"]
[EventType "swiss"]
[EventCountry "GER"]
[SourceTitle "playchess.com"]
[Source "ChessBase"]
[SourceQuality "1"]

1. d4 d5 2. Nf3 Nf6 3. Bf4 e6 4. e3 c5 5. Nbd2 Nc6 6. c3 Bd6 7. Bg3 O-O 8. Bb5 Ne7 9. Bd3 Nf5 10. Bxf5 exf5 11. Bxd6 Qxd6 12. dxc5 Qxc5 13. O-O b6 14. Nb3 Qc7 15. Qd4 Re8 16. Rfe1 Bb7 17. a4 a5 18. Qf4 Qd7 19. Nfd4 g6 20. Nb5 Rad8 21. Qc7 Qxc7 22. Nxc7 Re7 23. Nb5 Nd7 24. N3d4 Ne5 25. Red1 Red7 26. b3 Rc8 27. Rd2 Ng4 28. Rad1 Nf6 29. f3 Ba6 30. Kf2 Re7 31. Ne2 Bxb5 32. axb5 Rc5 33. b4 axb4 34. cxb4 Rc4 35. Rd4 Rec7 36. Nf4 Kf8 37. Nxd5 Nxd5 38. Rxc4 Rxc4 39. Rxd5 Rxb4 40. Re5 Kg7 41. f4 Kf6 42. Kf3 Rb2 43. h3 h5 44. g4 h4 45. gxf5 gxf5 46. Rd5 Rh2 47. Rd6+ Kg7 48. Rxb6 Rxh3+ 49. Kf2 Rh2+ 50. Kf3 Rb2 51. Rb8 h3 52. Rc8 Rxb5 53. Rc1 Rb2 54. Rh1 h2 55. Kg3 Re2 56. Kf3 Rb2 1/2-1/2

[Event "4th GRENKE Open 2019"]
[Site "Karlsruhe"]
[Date "2019.04.21"]
[Round "7.45"]
[White "Vrolijk, Liam"]
[Black "Krause, Jonah"]
[Result "1/2-1/2"]
[WhiteElo "2465"]
[BlackElo "2343"]
[Annotator "ChessBase"]
[PlyCount "85"]
[EventDate "2019.04.18"]
[EventType "swiss"]
[EventCountry "GER"]
[SourceTitle "playchess.com"]
[Source "ChessBase"]
[SourceQuality "1"]

1. d4 Nf6 2. c4 g6 3. Nc3 Bg7 4. e4 d6 5. Nf3 O-O 6. Be2 e5 7. d5 a5 8. Bg5 h6 9. Bh4 Na6 10. Nd2 Bd7 11. O-O Qe8 12. b3 Nh7 13. a3 h5 14. f3 Bh6 15. Rb1 Be3+ 16. Kh1 Bc5 17. Qc1 Kh8 18. Na2 f5 19. b4 axb4 20. axb4 Be3 21. exf5 gxf5 22. Qc3 f4 23. Qc2 Bf5 24. Ne4 Qg6 25. Bd3 Ng5 26. Nac3 Nxe4 27. Bxe4 Bxe4 28. Nxe4 Rf7 29. Rfe1 c5 30. dxc6 bxc6 31. Red1 Bd4 32. Qe2 d5 33. cxd5 cxd5 34. Nc5 Nxc5 35. bxc5 Kh7 36. Rb6 Qf5 37. Rd6 Bxc5 38. R6xd5 Be3 39. Qb5 Qc2 40. Rd7 Ra7 41. Rxf7+ Rxf7 42. Qd3+ Qxd3 43. Rxd3 1/2-1/2

[Event "4th GRENKE Open 2019"]
[Site "Karlsruhe"]
[Date "2019.04.21"]
[Round "7.46"]
[White "Chylewski, Patryk"]
[Black "Lodici, Lorenzo"]
[Result "1-0"]
[WhiteElo "2391"]
[BlackElo "2463"]
[Annotator "ChessBase"]
[PlyCount "135"]
[EventDate "2019.04.18"]
[EventType "swiss"]
[EventCountry "GER"]
[SourceTitle "playchess.com"]
[Source "ChessBase"]
[SourceQuality "1"]

1. d4 f5 2. g3 Nf6 3. Bg2 g6 4. Nf3 Bg7 5. b3 O-O 6. Bb2 d6 7. O-O h6 8. Nbd2 g5 9. Ne1 e5 10. dxe5 Nfd7 11. Nc4 Nxe5 12. Nxe5 dxe5 13. Nd3 Nd7 14. e4 f4 15. Bh3 Nb6 16. Bxc8 Qxc8 17. Bxe5 f3 18. Bxg7 Kxg7 19. Ne5 g4 20. h3 gxh3 21. Nxf3 Qe6 22. Qd4+ Kg8 23. Qe3 Rae8 24. Rae1 Nc8 25. Nd4 Qg4 26. Qxh6 Nd6 27. Qh4 Qxh4 28. gxh4 Nxe4 29. f3 Nd6 30. Ne6 Rf6 31. Ng5 Rxe1 32. Rxe1 Rh6 33. Nxh3 Rxh4 34. Kg2 Rd4 35. Re2 Nf5 36. Ng5 Rd7 37. f4 Kg7 38. Kh3 Kf6 39. Re6+ Kg7 40. Re2 Kg6 41. Re6+ Kg7 42. Nf3 Re7 43. Nd4 Kf7 44. Rxe7+ Nxe7 45. c4 a6 46. Kg4 Kf6 47. Ne2 b6 48. Nc3 c6 49. Ne4+ Kg6 50. Ng3 c5 51. f5+ Kf7 52. Ne4 Nc6 53. Kf4 Nb4 54. Nc3 b5 55. cxb5 axb5 56. Nxb5 Nxa2 57. Nd6+ Ke7 58. Ne4 c4 59. bxc4 Nb4 60. Kg5 Nd3 61. c5 Ne5 62. Kf4 Nc6 63. Nc3 Kf6 64. Nd5+ Kf7 65. Ke4 Kg7 66. Ne3 Kf6 67. Kd5 Ne5 68. c6 1-0

[Event "4th GRENKE Open 2019"]
[Site "Karlsruhe"]
[Date "2019.04.21"]
[Round "7.47"]
[White "Perske, Thore"]
[Black "Burcu, Cagatay"]
[Result "1-0"]
[WhiteElo "2450"]
[BlackElo "2329"]
[Annotator "TA"]
[PlyCount "71"]
[EventDate "2019.04.18"]
[EventType "swiss"]
[EventCountry "GER"]
[SourceTitle "playchess.com"]
[Source "ChessBase"]
[SourceQuality "1"]

1. e4 e6 2. d4 d5 3. Nd2 Be7 4. Bd3 c5 5. dxc5 Nf6 6. Qe2 a5 7. Ngf3 O-O 8. c4 dxc4 9. Nxc4 Nbd7 10. e5 Nxc5 11. Bb1 Nd5 12. h4 Nb4 13. Bg5 f6 14. exf6 Bxf6 15. O-O b6 16. Rd1 Qc7 17. a3 Nd5 18. Nce5 Bb7 19. Qc2 g6 20. Bxf6 Rxf6 21. Ba2 Raf8 22. b4 axb4 23. Bxd5 Bxd5 24. axb4 Bb3 25. Qc3 Bxd1 26. Rxd1 Na6 27. Qa1 Nxb4 28. Rd7 Qc8 29. Qa7 Qc1+ 30. Kh2 Qf4+ 31. g3 Qh6 32. Ng4 Qh5 33. Nxf6+ Rxf6 34. Rd8+ Rf8 35. Rxf8+ Kxf8 36. Ng5 1-0

[Event "4th GRENKE Open 2019"]
[Site "Karlsruhe"]
[Date "2019.04.21"]
[Round "7.48"]
[White "Arjun Kalyan"]
[Black "Nyysti, Sampsa"]
[Result "1-0"]
[WhiteElo "2445"]
[BlackElo "2309"]
[Annotator "NA"]
[PlyCount "45"]
[EventDate "2019.04.18"]
[EventType "swiss"]
[EventCountry "GER"]
[SourceTitle "playchess.com"]
[Source "ChessBase"]
[SourceQuality "1"]

1. e4 e5 2. Nf3 Nc6 3. Bb5 a6 4. Ba4 d6 5. O-O Bg4 6. h3 h5 7. d4 Bxf3 8. Qxf3 exd4 9. e5 Qd7 10. c3 dxe5 11. cxd4 exd4 12. Bg5 Be7 13. Rc1 Bxg5 14. Rxc6 Kf8 15. Rxa6 Qd8 16. Bb3 Nf6 17. Rxa8 Qxa8 18. Qf5 Qe8 19. Qxg5 Qe1+ 20. Kh2 Kg8 21. f3 h4 22. Qd2 Qe5+ 23. Kg1 1-0

[Event "4th GRENKE Open 2019"]
[Site "Karlsruhe"]
[Date "2019.04.21"]
[Round "7.49"]
[White "Petkidis, Anthony"]
[Black "Fedorovsky, Michael"]
[Result "1/2-1/2"]
[WhiteElo "2338"]
[BlackElo "2442"]
[Annotator "NA"]
[PlyCount "62"]
[EventDate "2019.04.18"]
[EventType "swiss"]
[EventCountry "GER"]
[SourceTitle "playchess.com"]
[Source "ChessBase"]
[SourceQuality "1"]

1. e4 c5 2. Nf3 Nc6 3. d4 cxd4 4. Nxd4 Nf6 5. Nc3 e5 6. Ndb5 d6 7. Bg5 a6 8. Na3 b5 9. Nd5 Be7 10. Bxf6 Bxf6 11. c4 Nd4 12. cxb5 Bb7 13. Nc3 O-O 14. bxa6 Rxa6 15. Nc4 Bh4 16. Ne3 Rb6 17. Rb1 Qa8 18. Bd3 f5 19. O-O fxe4 20. Bc4+ Kh8 21. Bd5 Bg5 22. Qg4 Bf4 23. b3 Rf6 24. Bxb7 Rxb7 25. Qd1 Rbf7 26. Qh5 Qf8 27. Ng4 Rf5 28. Qh3 Qa8 29. Ne3 R5f6 30. Qh5 Rh6 31. Qxf7 Bxh2+ 1/2-1/2

[Event "4th GRENKE Open 2019"]
[Site "Karlsruhe"]
[Date "2019.04.21"]
[Round "7.50"]
[White "Korley, Kassa"]
[Black "Hess, Max"]
[Result "1/2-1/2"]
[WhiteElo "2440"]
[BlackElo "2307"]
[Annotator "NA"]
[PlyCount "151"]
[EventDate "2019.04.18"]
[EventType "swiss"]
[EventCountry "GER"]
[SourceTitle "playchess.com"]
[Source "ChessBase"]
[SourceQuality "1"]

1. d4 Nf6 2. c4 g6 3. g3 Bg7 4. Bg2 O-O 5. Nc3 d6 6. Nf3 Nbd7 7. O-O e5 8. e4 exd4 9. Nxd4 Re8 10. Re1 a6 11. h3 Rb8 12. a4 Ne5 13. b3 c5 14. Nde2 Nc6 15. Be3 Be6 16. Qc2 Qe7 17. Rad1 h5 18. Bf4 Rbd8 19. Bg5 Qf8 20. Rd2 Rd7 21. Red1 Nh7 22. Be3 Rdd8 23. Nf4 Bd4 24. Bxd4 Nxd4 25. Rxd4 cxd4 26. Rxd4 h4 27. g4 g5 28. Nfe2 Qg7 29. Qd2 Qe5 30. Kh1 f6 31. Rd3 Nf8 32. f4 gxf4 33. Nxf4 Bf7 34. Qf2 Nd7 35. Rf3 Qg5 36. Nfe2 Bg6 37. Rf4 Kg7 38. Nd5 Nc5 39. Qd4 Qe5 40. Nxf6 Rf8 41. g5 Ne6 42. Qf2 Qxg5 43. Nd5 Nxf4 44. Nexf4 Rde8 45. Qe3 Kh7 46. Nxg6 Qxg6 47. c5 dxc5 48. Qxc5 Rg8 49. Qf2 Qxg2+ 50. Qxg2 Rxg2 51. Kxg2 Rg8+ 52. Kf3 Rg3+ 53. Kf4 Rxb3 54. Kg4 Kg7 55. Kxh4 Ra3 56. Kg4 Rxa4 57. Kf5 b5 58. e5 b4 59. Ke4 b3+ 60. Kd3 Rh4 61. Kc3 Rxh3+ 62. Kb2 a5 63. Nf4 Re3 64. Ne6+ Kf7 65. Nc5 Rxe5 66. Nxb3 Ke6 67. Ka3 Kd6 68. Ka4 Re3 69. Nxa5 Kc5 70. Nb3+ Kc4 71. Na5+ Kc5 72. Nb3+ Kb6 73. Kb4 Re4+ 74. Kc3 Re3+ 75. Kc4 Rxb3 76. Kd5 1/2-1/2

[Event "4th GRENKE Open 2019"]
[Site "Karlsruhe"]
[Date "2019.04.21"]
[Round "7.51"]
[White "Krause, Benedict"]
[Black "Riess, Alexander"]
[Result "1-0"]
[WhiteElo "2435"]
[BlackElo "2282"]
[Annotator "NA"]
[PlyCount "157"]
[EventDate "2019.04.18"]
[EventType "swiss"]
[EventCountry "GER"]
[SourceTitle "playchess.com"]
[Source "ChessBase"]
[SourceQuality "1"]

1. e4 e5 2. Nf3 Nc6 3. Bc4 Bc5 4. O-O Nf6 5. d3 d6 6. c3 h6 7. Nbd2 O-O 8. h3 a6 9. Re1 Re8 10. Bb3 Ba7 11. Nf1 Be6 12. N3h2 d5 13. Qf3 Na5 14. Bc2 dxe4 15. dxe4 Nc4 16. Ng3 Nd6 17. Ng4 Nxg4 18. hxg4 g6 19. Nf5 gxf5 20. gxf5 Qh4 21. g3 Qh3 22. fxe6 Rxe6 23. Qg2 Qg4 24. Bd1 Qg6 25. Bb3 Rf6 26. Be3 Bxe3 27. Rxe3 a5 28. a4 Ra6 29. Ba2 Kg7 30. Rf1 Rb6 31. Re2 Qh5 32. f4 Rg6 33. Qh2 Qxh2+ 34. Kxh2 Nxe4 35. fxe5 Ng5 36. Ref2 f6 37. Bb1 fxe5 38. Bxg6 Kxg6 39. Rd1 Ne4 40. Re2 Nc5 41. Rd5 Nxa4 42. Rxa5 Rxb2 43. Rxb2 Nxb2 44. Rxe5 Na4 45. Re7 Nxc3 46. Rxc7 Ne4 47. Rxb7 Kg5 48. Rb4 Nf6 49. Kh3 Kf5 50. Kh4 Kg6 51. Rb5 Kg7 52. g4 Kg6 53. Rb6 Kf7 54. Kg3 Kg7 55. Ra6 Nd5 56. Kf3 Ne7 57. Kf4 Ng6+ 58. Ke4 Ne7 59. Ke5 Ng6+ 60. Kf5 Nh4+ 61. Ke4 Ng6 62. Rc6 Nh4 63. Ke5 Ng6+ 64. Ke6 Nh4 65. Rc8 Nf3 66. Ra8 Nd4+ 67. Ke5 Nf3+ 68. Kf4 Nh4 69. Ra7+ Kf6 70. Ra6+ Kg7 71. g5 hxg5+ 72. Kxg5 Nf3+ 73. Kf4 Nh4 74. Ke5 Ng6+ 75. Ke6 Nh4 76. Ra4 Ng6 77. Rg4 Kh7 78. Kf6 Nf8 79. Kf7 1-0

[Event "4th GRENKE Open 2019"]
[Site "Karlsruhe"]
[Date "2019.04.21"]
[Round "7.52"]
[White "Kivisto, Mikko"]
[Black "Carow, Johannes"]
[Result "0-1"]
[WhiteElo "2253"]
[BlackElo "2434"]
[Annotator "NA"]
[PlyCount "86"]
[EventDate "2019.04.18"]
[EventType "swiss"]
[EventCountry "GER"]
[SourceTitle "playchess.com"]
[Source "ChessBase"]
[SourceQuality "1"]

1. e4 c6 2. d4 d5 3. exd5 cxd5 4. Bd3 Nc6 5. c3 Qc7 6. Ne2 Bg4 7. f3 Bd7 8. f4 e6 9. Nd2 Bd6 10. Nf3 f6 11. O-O Nge7 12. Be3 O-O 13. Kh1 Be8 14. c4 dxc4 15. Bxc4 Bf7 16. Nc3 Nf5 17. Bg1 Bxf4 18. Qe2 Rfe8 19. Rad1 Nb4 20. g4 Nd6 21. Bb3 Nd5 22. Rd3 Bh6 23. Nxd5 exd5 24. Qg2 Ne4 25. Nh4 g6 26. Rh3 Bf8 27. Be3 a5 28. a3 Bd6 29. Nf5 gxf5 30. gxf5+ Kh8 31. Rff3 Ng5 32. Bxg5 Re1+ 33. Rf1 Rxf1+ 34. Qxf1 fxg5 35. f6 Bf4 36. Qd3 Be6 37. Rh6 Qc1+ 38. Bd1 Bf5 39. Qxf5 Qxd1+ 40. Kg2 Qe2+ 41. Kg1 Be3+ 42. Kh1 Qe1+ 43. Kg2 Qg1+ 0-1

[Event "4th GRENKE Open 2019"]
[Site "Karlsruhe"]
[Date "2019.04.21"]
[Round "7.53"]
[White "Zolfagharian, Kevin"]
[Black "Raja Harshit"]
[Result "0-1"]
[WhiteElo "2192"]
[BlackElo "2432"]
[Annotator "NA"]
[PlyCount "54"]
[EventDate "2019.04.18"]
[EventType "swiss"]
[EventCountry "GER"]
[SourceTitle "playchess.com"]
[Source "ChessBase"]
[SourceQuality "1"]

1. e4 c5 2. Nf3 d6 3. d4 cxd4 4. Nxd4 Nf6 5. Nc3 a6 6. Bg5 e6 7. Qe2 Qc7 8. O-O-O Be7 9. f4 Nbd7 10. g4 b5 11. Bg2 Bb7 12. a3 O-O 13. h4 Qc4 14. Qe3 b4 15. axb4 Qxb4 16. Bf3 Rab8 17. Bxf6 Bxf6 18. g5 Bd8 19. g6 hxg6 20. h5 g5 21. h6 g6 22. Rhg1 Ba8 23. Nb3 Bb6 24. Nd4 Qxb2+ 25. Kd2 gxf4 26. Qf2 Ne5 27. Be2 Qxc3+ 0-1

[Event "4th GRENKE Open 2019"]
[Site "Karlsruhe"]
[Date "2019.04.21"]
[Round "7.54"]
[White "Siddharth, Jagadeesh"]
[Black "Firouzja, Alireza"]
[Result "0-1"]
[WhiteElo "2132"]
[BlackElo "2669"]
[Annotator "TA"]
[PlyCount "62"]
[EventDate "2019.04.18"]
[EventType "swiss"]
[EventCountry "GER"]
[SourceTitle "playchess.com"]
[Source "ChessBase"]
[SourceQuality "1"]

1. d4 f5 2. g3 Nf6 3. Bg2 g6 4. Nf3 Bg7 5. O-O O-O 6. b3 d6 7. Bb2 c6 8. Nbd2 a5 9. Re1 a4 10. c4 Ne4 11. Nxe4 fxe4 12. Nd2 d5 13. cxd5 a3 14. Bc3 cxd5 15. f3 Nc6 16. fxe4 Nxd4 17. Rc1 dxe4 18. e3 Nf3+ 19. Nxf3 Qxd1 20. Rexd1 exf3 21. Bxg7 Kxg7 22. Bf1 f2+ 23. Kg2 Bf5 24. Rc4 Rac8 25. Rxc8 Be4+ 26. Kh3 Rxc8 27. Bg2 Bxg2+ 28. Kxg2 Rc2 29. Rd7 Rxa2 30. Rxe7+ Kf6 31. Rxb7 f1=Q+ 0-1

[Event "4th GRENKE Open 2019"]
[Site "Karlsruhe"]
[Date "2019.04.21"]
[Round "7.55"]
[White "Bogner, Sebastian"]
[Black "Suvorov, Alexander"]
[Result "1/2-1/2"]
[WhiteElo "2603"]
[BlackElo "2323"]
[Annotator "ChessBase"]
[PlyCount "35"]
[EventDate "2019.04.18"]
[EventType "swiss"]
[EventCountry "GER"]
[SourceTitle "playchess.com"]
[Source "ChessBase"]
[SourceQuality "1"]

1. e4 c5 2. Nf3 e6 3. d4 cxd4 4. Nxd4 Nc6 5. Nc3 Qc7 6. Be3 a6 7. Qf3 d6 8. Nxc6 Qxc6 9. O-O-O Nf6 10. Be2 Be7 11. Qg3 Bd7 12. e5 dxe5 13. Qxe5 Qc8 14. g4 Bc6 15. Rhg1 Qb8 16. Qg3 Qxg3 17. hxg3 h6 18. a3 1/2-1/2

[Event "4th GRENKE Open 2019"]
[Site "Karlsruhe"]
[Date "2019.04.21"]
[Round "7.56"]
[White "Sorensen, Hampus"]
[Black "Buhmann, Rainer"]
[Result "0-1"]
[WhiteElo "2319"]
[BlackElo "2581"]
[Annotator "ChessBase"]
[PlyCount "86"]
[EventDate "2019.04.18"]
[EventType "swiss"]
[EventCountry "GER"]
[SourceTitle "playchess.com"]
[Source "ChessBase"]
[SourceQuality "1"]

1. d4 Nf6 2. c4 e6 3. Nf3 Bb4+ 4. Bd2 Be7 5. g3 d5 6. Bg2 Ne4 7. O-O c6 8. Bf4 Nd7 9. Nfd2 g5 10. Be3 Nd6 11. cxd5 exd5 12. Nf3 Nb6 13. Nc3 Bf5 14. b3 f6 15. Bc1 Qd7 16. Re1 h5 17. a4 Ne4 18. Bb2 Bb4 19. Qc1 a5 20. Nd2 Nxd2 21. Qxd2 O-O-O 22. Ba3 Bxa3 23. Rxa3 h4 24. e3 Rh6 25. Ra2 Rdh8 26. Bh1 Kb8 27. Re2 Qd6 28. Qe1 hxg3 29. fxg3 Bg4 30. Red2 f5 31. Ra1 Nd7 32. Qf2 Nf6 33. Rc1 Rxh2 34. Qxh2 Rxh2 35. Kxh2 f4 36. exf4 gxf4 37. Kg1 Qe7 38. Rd3 Bf5 39. Rf3 Bg4 40. Rd3 Qh7 41. Rd2 Qh3 42. Rd3 fxg3 43. Rd2 g2 0-1

[Event "4th GRENKE Open 2019"]
[Site "Karlsruhe"]
[Date "2019.04.21"]
[Round "7.57"]
[White "Nandhidhaa, P V"]
[Black "Schroeder, Jan-Christian"]
[Result "1/2-1/2"]
[WhiteElo "2314"]
[BlackElo "2577"]
[Annotator "ChessBase"]
[PlyCount "90"]
[EventDate "2019.04.18"]
[EventType "swiss"]
[EventCountry "GER"]
[SourceTitle "playchess.com"]
[Source "ChessBase"]
[SourceQuality "1"]

1. e4 e5 2. Nf3 Nc6 3. Nc3 Nf6 4. Bb5 Bd6 5. d3 h6 6. a3 Bc5 7. Nxe5 Nxe5 8. d4 Bd6 9. f4 Nc6 10. e5 Be7 11. d5 Nxd5 12. Nxd5 d6 13. O-O dxe5 14. Nxe7 Qxe7 15. Bxc6+ bxc6 16. fxe5 O-O 17. Bf4 Rb8 18. Qd4 c5 19. Qc3 Rd8 20. e6 Bxe6 21. Qg3 Rd4 22. h3 Rxb2 23. Bxh6 f6 24. Rae1 Rb6 25. Rf2 Qf7 26. Rfe2 Rd7 27. Bd2 Rbd6 28. Kh2 Rxd2 29. Rxe6 R2d5 30. Re8+ Kh7 31. R1e4 Rg5 32. Qh4+ Rh5 33. Qg3 Rg5 34. Qh4+ Rh5 35. Qg3 Qd5 36. R8e7 Rxe7 37. Rxe7 Rg5 38. Qd3+ Qxd3 39. cxd3 Rd5 40. Rxc7 Rxd3 41. Rxa7 f5 42. Rc7 Rc3 43. a4 c4 44. a5 Ra3 45. Rxc4 Rxa5 1/2-1/2

[Event "4th GRENKE Open 2019"]
[Site "Karlsruhe"]
[Date "2019.04.21"]
[Round "7.58"]
[White "Kunin, Vitaly"]
[Black "Braun, Georg"]
[Result "1-0"]
[WhiteElo "2520"]
[BlackElo "2301"]
[Annotator "ChessBase"]
[PlyCount "75"]
[EventDate "2019.04.18"]
[EventType "swiss"]
[EventCountry "GER"]
[SourceTitle "playchess.com"]
[Source "ChessBase"]
[SourceQuality "1"]

1. Nf3 Nf6 2. g3 c5 3. Bg2 g6 4. O-O Bg7 5. d3 d5 6. Nbd2 O-O 7. e4 Nc6 8. c3 e5 9. exd5 Nxd5 10. Nc4 Rb8 11. Re1 f6 12. a4 Nde7 13. d4 Be6 14. Na3 cxd4 15. cxd4 Nf5 16. dxe5 Qxd1 17. Rxd1 Rfd8 18. Re1 fxe5 19. Ng5 Bb3 20. Ne4 Nfd4 21. Bg5 Re8 22. Nc5 Bf7 23. Rac1 Nb3 24. Nxb3 Bxb3 25. Nb5 h6 26. Be3 Nd4 27. Nd6 Rf8 28. Nxb7 Bxa4 29. Bd5+ Kh7 30. Nc5 Bb5 31. Kg2 Rfd8 32. Be4 Rdc8 33. h4 Be8 34. h5 Rxb2 35. Bxd4 exd4 36. Bd3 Kh8 37. hxg6 Rb6 38. Nd7 1-0

[Event "4th GRENKE Open 2019"]
[Site "Karlsruhe"]
[Date "2019.04.21"]
[Round "7.59"]
[White "Shyam, Sundar M."]
[Black "Karsay, Pascal"]
[Result "1-0"]
[WhiteElo "2519"]
[BlackElo "2285"]
[Annotator "ChessBase"]
[PlyCount "75"]
[EventDate "2019.04.18"]
[EventType "swiss"]
[EventCountry "GER"]
[SourceTitle "playchess.com"]
[Source "ChessBase"]
[SourceQuality "1"]

1. e4 e5 2. Nf3 Nc6 3. Bb5 a6 4. Ba4 Nf6 5. Nc3 Bd6 6. d3 h6 7. a3 Qe7 8. O-O O-O 9. b4 b5 10. Bb3 a5 11. Nxb5 axb4 12. Nh4 Bc5 13. Nxc7 Ra5 14. Nf5 Qd8 15. Nd5 bxa3 16. Nxh6+ gxh6 17. Bxh6 Nd4 18. Bc4 Bb7 19. Nxf6+ Qxf6 20. Qg4+ Kh7 21. Bxf8 Bxf8 22. Qh5+ Kg7 23. f4 Qg6 24. Qxg6+ Kxg6 25. fxe5 Nxc2 26. Rf6+ Kg5 27. Rf5+ Kh6 28. Raf1 Bc5+ 29. Kh1 Ne3 30. Rf6+ Kg5 31. R1f4 Nxc4 32. R4f5+ Kg4 33. h3+ Kg3 34. Rf3+ Kh4 35. R3f4+ Kg5 36. R4f5+ Kh4 37. Rh6+ Kg3 38. Rf3# 1-0

[Event "4th GRENKE Open 2019"]
[Site "Karlsruhe"]
[Date "2019.04.21"]
[Round "7.60"]
[White "Dragnev, Valentin"]
[Black "Olcum, Ahmet"]
[Result "1-0"]
[WhiteElo "2514"]
[BlackElo "2281"]
[Annotator "ChessBase"]
[PlyCount "73"]
[EventDate "2019.04.18"]
[EventType "swiss"]
[EventCountry "GER"]
[SourceTitle "playchess.com"]
[Source "ChessBase"]
[SourceQuality "1"]

1. d4 g6 2. c4 Bg7 3. e4 d6 4. Nc3 Nc6 5. Be3 e5 6. Nge2 exd4 7. Nxd4 Nge7 8. h4 h6 9. Qd2 f5 10. Nxc6 Nxc6 11. O-O-O fxe4 12. Nxe4 Be6 13. Be2 Qe7 14. Nc3 O-O-O 15. Nd5 Qd7 16. Qd3 Qf7 17. Qa3 a6 18. Rd2 Rhe8 19. Rhd1 Qg8 20. b4 Nb8 21. b5 Bxd5 22. cxd5 axb5 23. Bg4+ Rd7 24. Rc2 Re4 25. Bxd7+ Kxd7 26. Qa5 Na6 27. Qxb5+ Kc8 28. Rc4 Rxc4+ 29. Qxc4 Qe8 30. Qg4+ Kb8 31. Qe6 Qh8 32. Qxg6 Ba1 33. Rd2 Nb4 34. Qxh6 Qc3+ 35. Kb1 b6 36. Bd4 Qc4 37. Bxa1 1-0

[Event "4th GRENKE Open 2019"]
[Site "Karlsruhe"]
[Date "2019.04.21"]
[Round "7.61"]
[White "Kuraszkiewicz, Michael"]
[Black "Pijpers, Arthur"]
[Result "0-1"]
[WhiteElo "2306"]
[BlackElo "2485"]
[Annotator "RC"]
[PlyCount "56"]
[EventDate "2019.04.18"]
[EventType "swiss"]
[EventCountry "GER"]
[SourceTitle "playchess.com"]
[Source "ChessBase"]
[SourceQuality "1"]

1. d4 Nf6 2. c4 g6 3. Nc3 Bg7 4. e4 d6 5. h3 O-O 6. Bg5 c5 7. d5 e6 8. Bd3 exd5 9. exd5 Re8+ 10. Kf1 h6 11. Be3 Rxe3 12. fxe3 Nbd7 13. Nf3 Nh5 14. Kf2 Ne5 15. Rf1 b5 16. cxb5 a6 17. Be2 Nxf3 18. Bxf3 Qh4+ 19. Kg1 Ng3 20. Re1 axb5 21. Nxb5 Be5 22. Qd2 g5 23. Nc3 h5 24. Qf2 g4 25. Be4 Qg5 26. Bd3 gxh3 27. Qf3 h2+ 28. Kxh2 Bg4 0-1